000 00298nam a2200133Ia 4500
008 210210b1927 xxu||||| |||| 00| 0 eng d
082 _a150/70
100 _aMcDOWALL, R.J.S.
245 _aThe mind.
260 _a
_bNot Mentioned
_c1927
650 _aMind
690 _aPsychology
906 _a001018
999 _c77534
_d77534